[Event "OLNO 2223 SC Kreuzberg - SC Rotation Pan"]
[Site "?"]
[Date "2023.04.23"]
[Round "8.6"]
[White "Dathe, Frederick"]
[Black "Bruchmann, Stephan"]
[Result "1/2-1/2"]
[WhiteElo "2084"]
[BlackElo "2193"]
[PlyCount "171"]
[EventDate "2023.??.??"]

1. c4 c6 2. Nf3 d5 3. b3 Nf6 4. Bb2 Bg4 5. e3 Nbd7 6. Be2 e6 7. Nc3 Bh5 8. Rc1 Be7 9. O-O O-O 10. d4 Re8 11. Qc2 Rc8 12. Qb1 Bb4 13. Rfe1 Bg6 14. Bd3 Ne4 15. a3 Nxc3 16. Bxc3 Bxa3 17. Rcd1 Be7 18. e4 dxe4 19. Bxe4 Qc7 20. Bxg6 hxg6 21. h4 Bf6 22. Qe4 Red8 23. Ng5 Nf8 24. Rd3 c5 25. dxc5 Rxd3 26. Qxd3 Rd8 27. Qf3 Bxc3 28. Qxc3 Qxc5 29. Qf3 Rd7 30. Re3 Qd4 31. g3 Qd1+ 32. Kg2 Qxf3+ 33. Kxf3 Nh7 34. Nxh7 Kxh7 35. Ke2 Kg8 36. b4 Kf8 37. Ra3 a6 38. c5 Rd4 39. c6 bxc6 40. Rxa6 Rxb4 41. Rxc6 Ke7 42. Kf3 Kf6 43. Ra6 g5 44. hxg5+ Kxg5 45. Ra7 Kf6 46. Ra6 Kf5 47. Ra7 Rb3+ 48. Kg2 Kf6 49. Kh3 g5 50. Kg2 g4 51. Kf1 Rb2 52. Ra4 Kg5 53. Rc4 Rb6 54. Ke2 f5 55. Ra4 Rb5 56. Ra8 Kf6 57. Ra4 Ke5 58. Ke3 Kd5 59. Rd4+ Kc5 60. Rd8 Rb3+ 61. Ke2 Rb6 62. Ke3 Rd6 63. Rc8+ Kd5 64. Ra8 Ke5 65. Ra5+ Rd5 66. Ra4 Rb5 67. Ra3 Rb4 68. Ra5+ Kf6 69. Ke2 Rc4 70. Kf1 e5 71. Ra6+ Kg5 72. Ra5 f4 73. gxf4+ Kxf4 74. Kg2 Rd4 75. Ra3 Rd2 76. Rb3 e4 77. Kf1 Rd3 78. Rb8 g3 79. Rf8+ Ke5 80. fxg3 Rxg3 81. Ke2 Rg2+ 82. Ke3 Rg3+ 83. Ke2 e3 84. Re8+ Kd5 85. Rxe3 Rxe3+ 86. Kxe3 1/2-1/2

[Event "OLNO 2223 SC Kreuzberg - SC Rotation Pan"]
[Site "?"]
[Date "2023.04.23"]
[Round "8.7"]
[White "Mueller, Michael"]
[Black "Dubessay, Bastien"]
[Result "1-0"]
[WhiteElo "2220"]
[BlackElo "2289"]
[PlyCount "93"]
[EventDate "2023.??.??"]

1. d4 d5 2. c4 e6 3. Nc3 a6 4. cxd5 exd5 5. Nf3 Nf6 6. Bg5 Be6 7. e3 Nbd7 8. Bd3 c6 9. O-O Bd6 10. e4 dxe4 11. Nxe4 Be7 12. Ng3 O-O 13. Qd2 Qb6 14. Bf5 Bxf5 15. Nxf5 Rfe8 16. Qf4 Nd5 17. Qg3 f6 18. Bh6 g6 19. Ng7 Rec8 20. Ne6 Nf8 21. Bxf8 Bxf8 22. Rfe1 Nc7 23. Nxf8 Rxf8 24. h4 Nd5 25. h5 g5 26. h6 Qc7 27. Qg4 Qc8 28. Re6 Kh8 29. Qe4 Re8 30. Nxg5 Qd7 31. Re1 Rxe6 32. Nxe6 Re8 33. f4 Nc7 34. f5 Qd5 35. Qh4 Rxe6 36. fxe6 Ne8 37. Qg4 Qa5 38. Qg3 Qd5 39. Qf4 Qa5 40. Qg3 Qd2 41. Qh4 Qxb2 42. Kh2 Qd2 43. e7 Qxa2 44. Qh5 Qg8 45. Re3 Qg6 46. Qxg6 hxg6 47. Rb3 1-0

[Event "OLNO 2223 SC Kreuzberg - SC Rotation Pan"]
[Site "?"]
[Date "2023.04.23"]
[Round "8.8"]
[White "Syre, Christian"]
[Black "Guth, Thomas"]
[Result "0-1"]
[WhiteElo "2182"]
[BlackElo "2217"]
[PlyCount "78"]
[EventDate "2023.??.??"]

1. d4 e6 2. c4 Nf6 3. Nf3 c5 4. d5 b5 5. dxe6 fxe6 6. cxb5 d5 7. e3 Bd6 8. Nc3 Bb7 9. Be2 O-O 10. O-O Qe7 11. e4 Nxe4 12. Nxe4 dxe4 13. Ng5 h6 14. Nh3 Nd7 15. Be3 Nb6 16. g3 Nd5 17. Qb3 Rac8 18. a4 Qf6 19. Rad1 Qf5 20. Kg2 c4 21. Qc2 Be5 22. Ng1 c3 23. bxc3 Rxc3 24. Qd2 Rd8 25. Kh1 Kh7 26. Qa2 Rdc8 27. Rd2 Qg6 28. a5 Rxe3 29. fxe3 Nxe3 30. Rd7 Rc2 31. Qxc2 Nxc2 32. Rxb7 Nd4 33. Rxa7 e3 34. Raf7 Nxe2 35. Nxe2 Qd3 36. Re1 Qxb5 37. Kg2 Qxa5 38. Kf1 Bf6 39. Rd7 Qf5+ 0-1

[Event "OLNO 2223 SC Empor Potsdam - TSG Obersch"]
[Site "?"]
[Date "2023.04.23"]
[Round "8.1"]
[White "Rosenthal, Dirk"]
[Black "Penzold, Andreas"]
[Result "1/2-1/2"]
[WhiteElo "2382"]
[BlackElo "2360"]
[PlyCount "173"]
[EventDate "2023.??.??"]

1. e4 Nf6 2. e5 Nd5 3. c4 Nb6 4. d4 d6 5. exd6 cxd6 6. Nc3 g6 7. Be3 Bg7 8. h3 O-O 9. Nf3 Nc6 10. Qd2 d5 11. c5 Nc4 12. Bxc4 dxc4 13. d5 Nb4 14. O-O Bf5 15. Bd4 Bd3 16. Bxg7 Kxg7 17. Rfd1 Nxd5 18. Ne1 Nf6 19. Nxd3 cxd3 20. Qe3 Qc7 21. Rxd3 Rfc8 22. b4 a5 23. Na4 Rd8 24. b5 Rxd3 25. Qxd3 Rd8 26. Qc3 Qf4 27. Nb6 Rd2 28. Rf1 Qb4 29. Qxb4 axb4 30. Rb1 Rc2 31. Rxb4 Rxc5 32. a4 Rc1+ 33. Kh2 Ra1 34. Kg3 g5 35. Kf3 Ra3+ 36. Ke2 h5 37. g3 Kg6 38. Kd2 Rf3 39. a5 Rxf2+ 40. Ke3 Rg2 41. Ra4 Rb2 42. Nc8 Nd5+ 43. Kd4 Rxb5 44. Na7 Rb4+ 45. Rxb4 Nxb4 46. Kc5 Nd3+ 47. Kb6 f5 48. Kxb7 f4 49. gxf4 gxf4 50. Nc6 Kf6 51. Kb6 f3 52. a6 f2 53. a7 f1=Q 54. a8=Q Qf2+ 55. Kc7 Qh2+ 56. Kb6 Qd6 57. Qf8+ Kg5 58. Qxe7+ Qxe7 59. Nxe7 Kh4 60. Nf5+ Kg5 61. Nd4 Nf4 62. Kc5 Nxh3 63. Kd5 Kf4 64. Ne6+ Kf3 65. Ke5 Nf2 66. Nd4+ Kg4 67. Nf5 Kg5 68. Nd4 Kg4 69. Nf5 Nd3+ 70. Ke4 Nc5+ 71. Ke5 Nd7+ 72. Ke4 Nf6+ 73. Ke5 Kg5 74. Nd4 Kg4 75. Nf5 Nd5 76. Ke4 Nc3+ 77. Ke5 Ne2 78. Ne3+ Kf3 79. Nf5 Nf4 80. Nd4+ Kg4 81. Nf5 Ne2 82. Ne3+ Kf3 83. Nf5 Ng3 84. Nh4+ Kg4 85. Ng2 Nf1 86. Kf6 Ng3 87. Ke5 1/2-1/2

[Event "OLNO 2223 SC Empor Potsdam - TSG Obersch"]
[Site "?"]
[Date "2023.04.23"]
[Round "8.2"]
[White "Tschernatsch, Johannes"]
[Black "Schoewel, Matthias"]
[Result "1-0"]
[WhiteElo "2296"]
[BlackElo "2226"]
[PlyCount "51"]
[EventDate "2023.??.??"]

1. e4 e5 2. Nf3 Nc6 3. Bb5 d6 4. d4 Bd7 5. O-O Nf6 6. Nc3 Be7 7. dxe5 Nxe5 8. Bxd7+ Qxd7 9. Nxe5 dxe5 10. Qxd7+ Nxd7 11. Nb5 Bd8 12. Be3 a6 13. Nc3 O-O 14. Rad1 Nf6 15. f4 c6 16. fxe5 Ng4 17. Bc5 Re8 18. Rd7 Nxe5 19. Rxb7 Bf6 20. Ne2 Rad8 21. Ng3 Rd2 22. Nh5 Rxc2 23. Nxf6+ gxf6 24. Be7 Ng4 25. h3 Ne3 26. Rf3 1-0

[Event "OLNO 2223 SC Empor Potsdam - TSG Obersch"]
[Site "?"]
[Date "2023.04.23"]
[Round "8.3"]
[White "Raitza, Olaf"]
[Black "Schoene, Ralf"]
[Result "1/2-1/2"]
[WhiteElo "2143"]
[BlackElo "2233"]
[PlyCount "145"]
[EventDate "2023.??.??"]

1. e4 e5 2. Nf3 Nc6 3. Bb5 Nf6 4. d3 d6 5. c3 g6 6. O-O Bg7 7. Re1 O-O 8. d4 Nd7 9. Bg5 f6 10. Be3 Kh8 11. Bxc6 bxc6 12. dxe5 fxe5 13. Nbd2 Nf6 14. Qa4 Bd7 15. Rad1 Ng4 16. h3 Nxe3 17. Rxe3 Qe7 18. Qa3 h5 19. c4 c5 20. Rb3 a5 21. Rd3 g5 22. Nh2 g4 23. hxg4 hxg4 24. g3 Bh6 25. Qc3 Qg7 26. Ndf1 Rf6 27. Ne3 Bxe3 28. Rxe3 Rh6 29. f4 gxf3 30. Rxf3 Qh7 31. Qc2 Bg4 32. Rdf1 Bxf3 33. Rxf3 Rg8 34. Qe2 Rh4 35. Re3 Qh6 36. Nf1 Rh1+ 37. Kf2 Qh3 38. Rf3 Rg4 39. Ke3 Rg7 40. Kd3 Rxf1 41. Qxf1 Qxf1+ 42. Rxf1 Rxg3+ 43. Kd2 Kg7 44. Rf2 Kg6 45. a4 Rb3 46. Rg2+ Kf6 47. Kc2 Re3 48. Rg4 Rf3 49. Rg8 Rf2+ 50. Kc3 Re2 51. Rg4 Kf7 52. b3 Rf2 53. Rh4 Rg2 54. Rh8 Rg3+ 55. Kc2 Rg8 56. Rh7+ Rg7 57. Rh6 Kf8 58. Re6 Rg2+ 59. Kd3 Rg3+ 60. Kc2 Kf7 61. Rh6 Re3 62. Rh7+ Kf6 63. Rxc7 Rxe4 64. Kd3 Rh4 65. Rb7 Ke6 66. Ke3 Rg4 67. Rb8 Rg7 68. Re8+ Kd7 69. Rb8 Rg4 70. Rb5 Ke6 71. Rb8 Rh4 72. Rb7 Kf6 73. Rb8 1/2-1/2

[Event "OLNO 2223 SC Empor Potsdam - TSG Obersch"]
[Site "?"]
[Date "2023.04.23"]
[Round "8.4"]
[White "Jaeger, Uwe"]
[Black "Hommel, Niclas"]
[Result "0-1"]
[WhiteElo "2219"]
[BlackElo "2038"]
[PlyCount "60"]
[EventDate "2023.??.??"]

1. e4 c5 2. c3 Nf6 3. e5 Nd5 4. d4 cxd4 5. Qxd4 e6 6. Nf3 Nc6 7. Qe4 f5 8. exf6 Nxf6 9. Qh4 d5 10. Bd3 Bd6 11. Bg5 e5 12. Bg6+ Kd7 13. Bf5+ Kc7 14. Bxc8 Rxc8 15. Nbd2 h6 16. Be3 d4 17. Nxd4 exd4 18. cxd4 Nd5 19. Qh3 Qd7 20. Qxd7+ Kxd7 21. O-O Rhe8 22. Nc4 b5 23. Nxd6 Kxd6 24. Rfe1 Ncb4 25. Re2 Nc2 26. Rd1 Ncxe3 27. Rde1 Nf4 28. Rxe3 Rxe3 29. fxe3 Nd3 30. Rb1 Kd5 0-1

[Event "OLNO 2223 SC Empor Potsdam - TSG Obersch"]
[Site "?"]
[Date "2023.04.23"]
[Round "8.5"]
[White "Meyer-Dunker, Paul"]
[Black "Trenner, Rolf"]
[Result "0-1"]
[WhiteElo "2113"]
[BlackElo "2123"]
[PlyCount "148"]
[EventDate "2023.??.??"]

1. e4 e5 2. Nf3 Nc6 3. Bc4 Bc5 4. d3 Nf6 5. Bb3 d5 6. Nbd2 dxe4 7. dxe4 Bg4 8. c3 Qe7 9. h3 Be6 10. Qe2 Nh5 11. Bxe6 Qxe6 12. b4 Bb6 13. a4 a5 14. b5 Ne7 15. Qc4 Qf6 16. g4 Nf4 17. g5 Qe6 18. Qxe6 Nxe6 19. Nc4 f6 20. gxf6 gxf6 21. Ba3 Bc5 22. Nfd2 b6 23. Ne3 Rd8 24. Bxc5 Nxc5 25. Ke2 Rd3 26. Ng4 Kf7 27. Nb3 Rxc3 28. Nxc5 Rxc5 29. Rhc1 Ng6 30. Rxc5 Nf4+ 31. Kf3 bxc5 32. Rc1 Ne6 33. Ne3 Nd4+ 34. Kg2 Rg8+ 35. Kf1 Rg1+ 36. Kxg1 Ne2+ 37. Kf1 Nxc1 38. Nd5 c4 39. Nxc7 Nb3 40. b6 c3 41. b7 c2 42. b8=Q c1=Q+ 43. Kg2 Qg5+ 44. Kh1 Qc1+ 45. Kg2 Qg5+ 46. Kh1 Qc1+ 47. Kh2 Qf4+ 48. Kg1 Qc1+ 49. Kh2 Qf4+ 50. Kg2 Qxe4+ 51. Kg1 Nd4 52. Qe8+ Kg7 53. Qe7+ Kg6 54. Ne8 Nf3+ 55. Kg2 Nh4+ 56. Kf1 Qc4+ 57. Kg1 Qc1+ 58. Kh2 Qf4+ 59. Kg1 Qg5+ 60. Kf1 Qc1+ 61. Ke2 Qc2+ 62. Ke1 Qc1+ 63. Ke2 Qc4+ 64. Kd1 Qxa4+ 65. Kc1 Qc4+ 66. Kd1 Qf1+ 67. Kc2 Qxf2+ 68. Kc1 Qf1+ 69. Kc2 Qc4+ 70. Kd1 Qf1+ 71. Kc2 Qc4+ 72. Kd1 Qf7 73. Qd8 Nf5 74. Qa8 Qd5+ 0-1

[Event "OLNO 2223 SC Empor Potsdam - TSG Obersch"]
[Site "?"]
[Date "2023.04.23"]
[Round "8.6"]
[White "Bachmann, Volker"]
[Black "Jauk, Wilhelm"]
[Result "1/2-1/2"]
[WhiteElo "2080"]
[BlackElo "2161"]
[PlyCount "40"]
[EventDate "2023.??.??"]

1. d4 d5 2. c4 e6 3. Nc3 Nf6 4. Bg5 Be7 5. Nf3 h6 6. Bxf6 Bxf6 7. cxd5 exd5 8. e3 O-O 9. Bd3 Re8 10. O-O c6 11. Qc2 Nd7 12. b4 Nf8 13. Rab1 a6 14. Na4 Re7 15. Rfc1 Bd7 16. Nc5 Be8 17. a4 Ne6 18. Nxe6 Rxe6 19. b5 axb5 20. axb5 Re7 1/2-1/2

[Event "OLNO 2223 SC Empor Potsdam - TSG Obersch"]
[Site "?"]
[Date "2023.04.23"]
[Round "8.7"]
[White "Boewer, Roland"]
[Black "Piersig, Hans-Juergen"]
[Result "1/2-1/2"]
[WhiteElo "2162"]
[BlackElo "2095"]
[PlyCount "78"]
[EventDate "2023.??.??"]

1. Nf3 Nf6 2. d3 g6 3. e4 d6 4. b3 Bg7 5. Bb2 O-O 6. Be2 c5 7. O-O Nc6 8. Re1 a6 9. Nbd2 b5 10. a4 Rb8 11. Bf1 e5 12. g3 Bh6 13. Bg2 Be6 14. Nf1 b4 15. Bc1 Bxc1 16. Qxc1 Kg7 17. Ne3 h6 18. Qd2 Qc7 19. Nh4 Ng4 20. Nd1 Nd4 21. f3 Nf6 22. f4 exf4 23. gxf4 Nh5 24. Qf2 f5 25. e5 d5 26. Ne3 Rfd8 27. Kh1 Qf7 28. Rg1 Kh7 29. Rae1 Rg8 30. Bf1 g5 31. Nhg2 g4 32. Nh4 Qe7 33. Be2 g3 34. Rxg3 Nxg3+ 35. hxg3 Rg7 36. Bd1 Rbg8 37. Rg1 Rxg3 38. Rxg3 Qxh4+ 39. Kg2 Rxg3+ {(=)} 1/2-1/2

[Event "OLNO 2223 SC Empor Potsdam - TSG Obersch"]
[Site "?"]
[Date "2023.04.23"]
[Round "8.8"]
[White "Puhlmann, Rainer"]
[Black "Nguyen, Phuc Nhat"]
[Result "1-0"]
[WhiteElo "2090"]
[BlackElo "1852"]
[PlyCount "77"]
[EventDate "2023.??.??"]

1. Nf3 d5 2. c4 d4 3. e3 c5 4. b4 e6 5. Bb2 dxe3 6. fxe3 cxb4 7. d4 Nf6 8. Bd3 g5 9. O-O g4 10. Ne5 h5 11. e4 Rh7 12. Nxf7 Rxf7 13. e5 Ng8 14. Bg6 Nh6 15. Bxh5 Qg5 16. Bxf7+ Nxf7 17. Qd3 Qh5 18. Nd2 Nc6 19. Ne4 Be7 20. Nf6+ Bxf6 21. Rxf6 Bd7 22. Raf1 Ncd8 23. Qe2 Rc8 24. R1f4 b5 25. Rxg4 Qh7 26. c5 Nh6 27. Rgg6 Ng8 28. Qg4 Nxf6 29. exf6 Kf8 30. Bc1 Nf7 31. Rg7 Qh8 32. Bf4 Rd8 33. c6 Bxc6 34. Qxe6 Rd7 35. Qxc6 Qh4 36. Rxf7+ Kxf7 37. Qxd7+ Kg6 38. Qe8+ Kf5 39. f7 1-0

[Event "OLNO 2223 SAV Torgelow-Drögeheide 90 -"]
[Site "?"]
[Date "2023.04.23"]
[Round "8.1"]
[White "Volke, Karsten"]
[Black "Grossmann, Piet"]
[Result "1/2-1/2"]
[WhiteElo "2438"]
[BlackElo "1980"]
[PlyCount "99"]
[EventDate "2023.??.??"]

1. e4 e6 2. d4 d5 3. e5 c5 4. c3 Nc6 5. Nf3 Bd7 6. Be2 cxd4 7. cxd4 Nge7 8. Na3 Qb6 9. Nc2 Nf5 10. O-O Rc8 11. g4 Nfe7 12. Bd3 Na5 13. Qe2 a6 14. Bd2 Nc4 15. Ne3 Nxd2 16. Qxd2 Bb5 17. Bxb5+ axb5 18. Rfc1 Rxc1+ 19. Rxc1 Nc6 20. h4 h5 21. gxh5 Rxh5 22. Nf1 g6 23. Ng3 Bh6 24. Rxc6 bxc6 25. Qc2 Rf5 26. Nxf5 gxf5 27. b4 Kd7 28. Qc3 Qa7 29. a3 Qa8 30. Kf1 Qf8 31. Ke2 Qe7 32. Kd1 Bf4 33. Kc2 Bh6 34. Kb3 Kc7 35. a4 bxa4+ 36. Kxa4 Kb7 37. Kb3 Qd8 38. Qc5 Bf8 39. Qa5 Qe7 40. b5 cxb5 41. Qxb5+ Kc7 42. Qa5+ Kb7 43. Ng5 Bh6 44. f4 Bxg5 45. fxg5 Kc6 46. Qa4+ Kc7 47. Qa7+ Kd8 48. Qb8+ Kd7 49. Qb5+ Kd8 50. Qb8+ {(=)} 1/2-1/2

[Event "OLNO 2223 SAV Torgelow-Drögeheide 90 -"]
[Site "?"]
[Date "2023.04.23"]
[Round "8.2"]
[White "Schmekel, Florian"]
[Black "Nitsche-Hahn, Raphael"]
[Result "1/2-1/2"]
[WhiteElo "2091"]
[BlackElo "2118"]
[PlyCount "78"]
[EventDate "2023.??.??"]

1. d4 Nf6 2. c4 g6 3. Nc3 Bg7 4. e4 O-O 5. Be2 c5 6. d5 d6 7. Bg5 h6 8. Be3 Na6 9. Qd2 Kh7 10. h4 Nc7 11. h5 Ng8 12. g4 g5 13. f4 gxf4 14. Bxf4 e5 15. dxe6 Nxe6 16. Bxd6 Bxc3 17. Qxc3 Re8 18. e5 Qg5 19. Qd3+ Kh8 20. Nh3 Qg7 21. Rf1 Ng5 22. Nf4 Ne7 23. Bxe7 Qxe5 24. Ng6+ fxg6 25. Bf6+ Qxf6 26. Rxf6 Bxg4 27. Rf2 Nh3 28. Rf8+ Rxf8 29. Bxg4 Rae8+ 30. Kd2 Rd8 31. Bd7 Nf4 32. Qd6 Rf7 33. Kc3 Rdxd7 34. Qe5+ Kh7 35. hxg6+ Nxg6 36. Qxc5 b6 37. Qe3 Rde7 38. Qd3 Rd7 39. Qe3 Rde7 {(=)} 1/2-1/2

[Event "OLNO 2223 SAV Torgelow-Drögeheide 90 -"]
[Site "?"]
[Date "2023.04.23"]
[Round "8.3"]
[White "Atkinson, Paul"]
[Black "Korbal, Arkadiusz"]
[Result "0-1"]
[WhiteElo "2047"]
[BlackElo "2071"]
[PlyCount "112"]
[EventDate "2023.??.??"]

1. Nf3 d5 2. e3 Nf6 3. c4 c6 4. b3 Bg4 5. Bb2 Nbd7 6. h3 Bh5 7. Be2 e6 8. O-O Be7 9. d4 Ne4 10. Ne5 Bxe2 11. Qxe2 O-O 12. Nd3 Qa5 13. Rd1 Bd6 14. Nd2 f5 15. Nf1 Rf6 16. Nc5 Qc7 17. Nxd7 Qxd7 18. f3 Ng5 19. h4 Nf7 20. e4 fxe4 21. fxe4 Rf4 22. cxd5 cxd5 23. e5 Be7 24. g3 Re4 25. Qd3 Rf8 26. Ne3 g5 27. h5 g4 28. Rf1 Ng5 29. Rxf8+ Bxf8 30. Rf1 Qe8 31. Ng2 Nf3+ 32. Rxf3 gxf3 33. Qxf3 Bh6 34. Qf6 Bg7 35. Qg5 h6 36. Qc1 Qxh5 37. Qc8+ Kh7 38. Qxe6 Qf3 39. Qh3 Re2 40. Bc1 Qf2+ 41. Kh1 Rxa2 42. Be3 Qf1+ 43. Kh2 Ra1 44. g4 Qh1+ 45. Kg3 Qxh3+ 46. Kxh3 Rb1 47. g5 Rxb3 48. Kg4 a5 49. Kf5 hxg5 50. e6 Kg8 51. Bxg5 Bxd4 52. Nf4 Rf3 53. Kg6 Rxf4 54. Bxf4 Kf8 55. Bd6+ Ke8 56. Kf5 b5 0-1

[Event "OLNO 2223 SAV Torgelow-Drögeheide 90 -"]
[Site "?"]
[Date "2023.04.23"]
[Round "8.4"]
[White "Zentgraf, Robert"]
[Black "Jahn, Thomas"]
[Result "1/2-1/2"]
[WhiteElo "2172"]
[BlackElo "2159"]
[PlyCount "106"]
[EventDate "2023.??.??"]

1. d4 c5 2. e4 cxd4 3. Nf3 Qa5+ 4. c3 e5 5. Bc4 Nf6 6. Qb3 d5 7. exd5 Bd6 8. Bd2 d3 9. Bxd3 Qxd5 10. Bc4 Qe4+ 11. Be3 O-O 12. Nbd2 Qg6 13. h3 Nbd7 14. Nh4 Qh5 15. g4 Qxh4 16. Nf3 Qh6 17. Bxh6 gxh6 18. O-O-O Be7 19. g5 Ne4 20. gxh6 Ndc5 21. Qc2 Bf5 22. Rhg1+ Kh8 23. Qe2 Na4 24. Bd5 Naxc3 25. bxc3 Ba3+ 26. Qb2 Bxb2+ 27. Kxb2 Nxf2 28. Rdf1 Nd3+ 29. Ka1 Nf4 30. Nxe5 Nxd5 31. Rxf5 f6 32. Nd7 Ne7 33. Rb5 Rf7 34. Rxb7 Nf5 35. Rf1 Nd6 36. Rb8+ Rxb8 37. Nxb8 f5 38. Rd1 Rf6 39. c4 Rxh6 40. c5 Ne8 41. Rd8 Re6 42. c6 Kg7 43. Rd7+ Kg6 44. c7 Nxc7 45. Rxc7 f4 46. Rc3 Re3 47. Kb2 Re2+ 48. Kb3 Kg5 49. Nc6 Kh4 50. Nd4 Rg2 51. Ne6 Rf2 52. Nc5 f3 53. Ne4 Re2 1/2-1/2

[Event "OLNO 2223 SAV Torgelow-Drögeheide 90 -"]
[Site "?"]
[Date "2023.04.23"]
[Round "8.6"]
[White "Herrmann, Jakob"]
[Black "Staerk, Elisa"]
[Result "1-0"]
[WhiteElo "1957"]
[BlackElo "1955"]
[PlyCount "65"]
[EventDate "2023.??.??"]

1. e4 c5 2. Ne2 d6 3. Nbc3 Nf6 4. d3 g6 5. h3 Nc6 6. Be3 Bg7 7. g4 Rb8 8. a4 Qa5 9. Bg2 Be6 10. O-O Nd7 11. f4 f5 12. gxf5 gxf5 13. Ng3 Nd4 14. exf5 Bf7 15. Nce4 Nf6 16. Bxd4 cxd4 17. Nxf6+ Bxf6 18. Ne4 Qxf5 19. Qe1 Kd7 20. Nxf6+ Qxf6 21. Qb4 Rhg8 22. Qb5+ Kd8 23. Rae1 a6 24. Qb6+ Kd7 25. Kh1 Qh4 26. Qxd4 Rxg2 27. Kxg2 Rg8+ 28. Kf3 Bh5+ 29. Ke3 Rg2 30. Qd5 Qg3+ 31. Kd4 Qg7+ 32. Ke4 Kc8 33. Qxh5 1-0

[Event "OLNO 2223 SAV Torgelow-Drögeheide 90 -"]
[Site "?"]
[Date "2023.04.23"]
[Round "8.7"]
[White "Schabe, Felix"]
[Black "Onasch, Paul"]
[Result "1-0"]
[WhiteElo "1966"]
[BlackElo "2015"]
[PlyCount "65"]
[EventDate "2023.??.??"]

1. Nf3 d5 2. d4 Nf6 3. c4 e6 4. Nc3 c6 5. e3 Nbd7 6. cxd5 exd5 7. Bd3 Bd6 8. O-O O-O 9. a4 a5 10. Re1 Re8 11. Qc2 h6 12. b3 Nf8 13. h3 Be6 14. Ne5 N6d7 15. f4 f6 16. Nf3 Rc8 17. Bd2 Bb4 18. e4 dxe4 19. Nxe4 Nb6 20. Nc5 Bxc5 21. Qxc5 Nd5 22. Rac1 b6 23. Qa3 Qe7 24. Qxe7 Rxe7 25. f5 Bf7 26. Rxe7 Nxe7 27. b4 axb4 28. Bxb4 Nd5 29. Bd6 Be8 30. Bc4 Bd7 31. Bb3 Bxf5 32. Rxc6 Rxc6 33. Bxd5+ 1-0

[Event "OLNO 2223 SAV Torgelow-Drögeheide 90 -"]
[Site "?"]
[Date "2023.04.23"]
[Round "8.8"]
[White "Ehlers, Michael"]
[Black "Gabriel, Reiner"]
[Result "0-1"]
[WhiteElo "1950"]
[BlackElo "2112"]
[PlyCount "57"]
[EventDate "2023.??.??"]

1. Nf3 c5 2. g3 Nf6 3. Bg2 Nc6 4. d4 e6 5. O-O d5 6. c3 Be7 7. Qc2 O-O 8. Bf4 Bd7 9. dxc5 Bxc5 10. Nbd2 Rc8 11. Nb3 Bb6 12. Rad1 h6 13. Qb1 Nh5 14. Bd6 Ne7 15. g4 Nf6 16. g5 hxg5 17. Nxg5 Ba4 18. Be5 Ng6 19. Nxe6 Qe8 20. Bxf6 fxe6 21. Bd4 Bc7 22. Rd3 Nf4 23. Re3 Qh5 24. h3 Qg5 25. Rg3 Nxe2+ 26. Kh2 Nxg3 27. Re1 Ne2+ 28. Kh1 Qf4 29. Rxe2 0-1

[Event "OLNO 2223 SK König Tegel II - USC Viadr"]
[Site "?"]
[Date "2023.04.23"]
[Round "8.1"]
[White "Galazewski, Tomasz"]
[Black "Rosmann, Ilja"]
[Result "1/2-1/2"]
[WhiteElo "2304"]
[BlackElo "2293"]
[PlyCount "42"]
[EventDate "2023.??.??"]

1. e4 c5 2. Nf3 Nc6 3. d4 cxd4 4. Nxd4 e5 5. Nb5 d6 6. c4 a6 7. N5c3 Nf6 8. Na3 Be6 9. Bd3 Rc8 10. O-O Be7 11. Nd5 Bxd5 12. exd5 Nb8 13. Be3 Nbd7 14. Nb1 O-O 15. Nc3 Ne8 16. f4 exf4 17. Bxf4 g6 18. Kh1 Bg5 19. Bg3 Bh4 20. Bf4 Bg5 21. Bg3 Bh4 1/2-1/2

[Event "OLNO 2223 SK König Tegel II - USC Viadr"]
[Site "?"]
[Date "2023.04.23"]
[Round "8.2"]
[White "Acikel, Mert"]
[Black "Lippert, Daniel"]
[Result "0-1"]
[WhiteElo "2240"]
[BlackElo "2068"]
[PlyCount "76"]
[EventDate "2023.??.??"]

1. e4 c5 2. Nf3 Nc6 3. Bb5 g6 4. O-O Bg7 5. Nc3 e5 6. a3 Nge7 7. b4 d6 8. bxc5 dxc5 9. d3 O-O 10. Bc4 h6 11. Be3 Nd4 12. h3 Kh7 13. Nd5 f5 14. Bxd4 cxd4 15. Nd2 f4 16. f3 Ng8 17. a4 h5 18. a5 Nh6 19. Qe1 Nf7 20. Qf2 g5 21. Rfb1 Bh6 22. a6 b6 23. Nxb6 Bd7 24. Bd5 Rb8 25. Ndc4 g4 26. hxg4 hxg4 27. Kf1 Qe7 28. Bxf7 Rxf7 29. Ke2 Rg8 30. Nd5 Qe6 31. Rh1 g3 32. Qe1 Bc6 33. Rh5 Rg5 34. Qh1 Rxh5 35. Qxh5 Rd7 36. Qxe5 Bxd5 37. exd5 Qxe5+ 38. Nxe5 Re7 0-1

[Event "OLNO 2223 SK König Tegel II - USC Viadr"]
[Site "?"]
[Date "2023.04.23"]
[Round "8.3"]
[White "Woithe, Daniel"]
[Black "Eilenberg, Jonas"]
[Result "1-0"]
[WhiteElo "2070"]
[BlackElo "2227"]
[PlyCount "61"]
[EventDate "2023.??.??"]

1. Nf3 d5 2. g3 Nc6 3. d4 Bg4 4. Bg2 Qd7 5. c3 f6 6. Nbd2 O-O-O 7. b4 Re8 8. b5 Nb8 9. a4 e5 10. dxe5 fxe5 11. O-O Nf6 12. Nb3 h6 13. Be3 b6 14. Qc2 Bf5 15. Qb2 Ng4 16. Bd2 g5 17. Rac1 Bg7 18. c4 dxc4 19. Rxc4 Be6 20. Qc2 Bxc4 21. Qxc4 e4 22. Nfd4 Ne5 23. Qc2 Nf7 24. Bxe4 Nd6 25. Bg2 Bxd4 26. Nxd4 Re5 27. Bb4 Rd8 28. Rc1 g4 29. e3 Rde8 30. Nc6 Re4 31. Bxd6 1-0

[Event "OLNO 2223 SK König Tegel II - USC Viadr"]
[Site "?"]
[Date "2023.04.23"]
[Round "8.4"]
[White "Giemsa, Stephan"]
[Black "Mueller, Thorsten"]
[Result "1/2-1/2"]
[WhiteElo "2234"]
[BlackElo "1975"]
[PlyCount "81"]
[EventDate "2023.??.??"]

1. d4 d5 2. c4 e6 3. Nf3 Nf6 4. g3 Be7 5. Bg2 O-O 6. O-O c6 7. Qc2 Nbd7 8. Nbd2 Re8 9. e4 dxe4 10. Nxe4 Nxe4 11. Qxe4 Nf6 12. Qe2 a5 13. Rd1 a4 14. Bf4 Qa5 15. Rac1 Bd7 16. Ne5 Rad8 17. Rd3 Bc8 18. c5 Nd5 19. Bd2 Qb5 20. Nc4 Nb4 21. Bxb4 Qxb4 22. a3 Qb5 23. Bf1 Qa6 24. Qc2 Qa7 25. Nb6 Bf6 26. Qc4 e5 27. dxe5 Bxe5 28. Nxc8 Rxc8 29. Rd7 Rf8 30. Qb4 Bc7 31. Bc4 b5 32. cxb6 Qxb6 33. Qe7 Qxb2 34. Bxf7+ Kh8 35. Rcd1 Bb6 36. R1d2 Qb1+ 37. Kg2 Qf5 38. h4 Bc5 39. Qe6 Qxe6 40. Bxe6 Rce8 41. Rc2 1/2-1/2

[Event "OLNO 2223 SK König Tegel II - USC Viadr"]
[Site "?"]
[Date "2023.04.23"]
[Round "8.5"]
[White "Ketelhoehn, Bernd"]
[Black "Anibar, Ahmed"]
[Result "0-1"]
[WhiteElo "1914"]
[BlackElo "2288"]
[PlyCount "110"]
[EventDate "2023.??.??"]

1. d4 Nf6 2. Nf3 g6 3. Nc3 d5 4. Bf4 Bg7 5. e3 O-O 6. Be2 c5 7. O-O cxd4 8. exd4 Nc6 9. Ne5 Nd7 10. Nxd7 Qxd7 11. Bb5 a6 12. Bxc6 Qxc6 13. Ne2 Bf5 14. c3 Qb6 15. Qd2 Rfe8 16. Rfe1 Rac8 17. Ng3 Bd7 18. h4 a5 19. h5 Qc6 20. Re3 f6 21. hxg6 hxg6 22. Rae1 Kf7 23. Nf1 e6 24. Rf3 Rh8 25. Qe3 Rh7 26. Be5 Rch8 27. g4 f5 28. Bxg7 Rxg7 29. Qe5 Rh4 30. g5 Qc8 31. Qf6+ Kg8 32. Kg2 Qf8 33. Qxf8+ Kxf8 34. Ree3 Rgh7 35. Rh3 f4 36. Ref3 Rxh3 37. Rxh3 Rxh3 38. Kxh3 e5+ 39. Kg2 e4 40. b3 Bb5 41. a4 Bc6 42. Kh3 Bd7+ 43. Kh4 b5 44. axb5 Bxb5 45. Nd2 Be2 46. Nb1 Ke7 47. Na3 Ke6 48. c4 dxc4 49. bxc4 Kf5 50. c5 Ke6 51. c6 Kd6 52. d5 Kxd5 53. c7 Ba6 54. Kg4 Ke5 55. Nc4+ Bxc4 0-1

[Event "OLNO 2223 SK König Tegel II - USC Viadr"]
[Site "?"]
[Date "2023.04.23"]
[Round "8.8"]
[White "Jahnz, Laurin"]
[Black "Krannich, Sven"]
[Result "1-0"]
[WhiteElo "1730"]
[BlackElo "1895"]
[PlyCount "63"]
[EventDate "2023.??.??"]

1. e4 e6 2. d4 c5 3. c3 d5 4. exd5 exd5 5. Nf3 Bg4 6. Be2 Nc6 7. O-O Nf6 8. h3 Bh5 9. Re1 Be7 10. Ne5 Bg6 11. Bb5 Rc8 12. Qa4 Qb6 13. dxc5 Qxc5 14. Be3 Qd6 15. Bf4 Qc5 16. b4 Qb6 17. Be3 Qc7 18. Bxc6+ bxc6 19. Bc5 Be4 20. Bxe7 Qxe7 21. Nd3 Qc7 22. f3 O-O 23. fxe4 Nxe4 24. Qc2 Qg3 25. Nd2 Ng5 26. Nf2 Rce8 27. Rxe8 Rxe8 28. Nf1 Qh4 29. Qd2 Ne4 30. Nxe4 Rxe4 31. Qf2 Qe7 32. Ng3 1-0

[Event "OLNO 2223 USC Viadrina Frankfurt/O - SC"]
[Site "?"]
[Date "2023.05.07"]
[Round "9.1"]
[White "Waldmann, Hans-Joachim"]
[Black "Galazewski, Tomasz"]
[Result "1-0"]
[WhiteElo "2260"]
[BlackElo "2304"]
[PlyCount "65"]
[EventDate "2023.??.??"]

1. d4 d6 2. Nf3 Nd7 3. Bf4 g6 4. e3 Bg7 5. Bc4 e6 6. O-O Ngf6 7. h3 a6 8. a4 b6 9. Nbd2 Bb7 10. b4 Qe7 11. Rb1 h6 12. Bh2 g5 13. Be2 g4 14. hxg4 Nxg4 15. c4 e5 16. Bg3 h5 17. Nh4 Nh6 18. Qc2 exd4 19. exd4 Bxd4 20. Rfe1 O-O-O 21. Bf3 Qf6 22. Ne4 Qg7 23. Bxd6 f5 24. Nc5 cxd6 25. Bxb7+ Kb8 26. Ne6 Qf6 27. Nxd4 Qxd4 28. Nf3 Qf4 29. Bd5 Ne5 30. Qc1 Qxc1 31. Rexc1 Nhg4 32. Nd4 Rd7 33. a5 1-0